Music Quiz

Random Music or Song Quiz
Score 0/30 Timer 08:00
0 Plays Today
% Correct
Back
94.4%
Eight
92.8%
Can't
89.7%
P.S.
89.5%
A
88.9%
I
88.1%
Here
84.8%
Within
58.6%
Don't
57.9%
And
57%
Here
56.5%
Good
54%
Free
52.5%
I'll
51.7%
From
51.2%
% Correct
I've
48.7%
Run
45%
Your
43.9%
Don't
42.3%
She
38.7%
Things
38.1%
If
37.1%
You
32.9%
You
32.7%
Only
32.2%
That
26.5%
Not
25.5%
When
25.3%
Cry
22.6%
If
21.8%
Remove Ads.
Support Sporcle.
Get the best of Sporcle when you Go Orange. This ad-free experience offers more features, more stats, and more fun while also helping to support Sporcle. Thank you for becoming a member.

You're not logged in!

Compare scores with friends on all Sporcle quizzes.
OR
Log In

Show Comments

Extras

Top Quizzes Today


Score Distribution

Your Account Isn't Verified!

In order to create a playlist on Sporcle, you need to verify the email address you used during registration. Go to your Sporcle Settings to finish the process.

Report this User

Report this user for behavior that violates our Community Guidelines.

Details: